[Event "Rodovremesterskabet Gruppe C 2004"]
[Site "Rodovre"]
[Date "2004.08.31"]
[Round "1"]
[White "Nielsen, Borge2"]
[Black "Gemzoe, Bjorn"]
[Result "1-0"]
[WhiteElo "1393"]
[BlackElo "1273"]
[PlyCount "117"]
[EventDate "2004.??.??"]


1. e4 g6 2. Nf3 d6 3. d4 Bg7 4. c3 Bg4 5. Be2 Nf6 6. Qc2 Nbd7 7. O-O O-O 8. Be3
Bxf3 9. Bxf3 e5 10. Nd2 h5 11. Nb3 Ng4 12. Bxg4 hxg4 13. f3 Qh4 14. fxg4 Qxg4
15. Rf3 Nf6 16. Nd2 Nh5 17. Raf1 Rae8 18. dxe5 dxe5 19. Bc5 Nf4 20. Nc4 Qe6 21.
b3 Rd8 22. Bxf8 Bxf8 23. Nxe5 g5 24. Nxf7 Qxf7 25. Qf2 Bd6 26. Kh1 Qg6 27. Qe3
Re8 28. Re1 Be5 29. c4 Qh6 30. Rg3 Qf6 31. Rf1 Rf8 32. Qf3 Kf7 33. Qg4 Rg8 34.
Rgf3 Rh8 35. R3f2 Rh4 36. Qf3 g4 37. Qg3 Qg5 38. Rxf4+ Ke6 39. h3 Qh5 40. Qf2
Bxf4 41. Qxf4 Rxh3+ 42. gxh3 Qxh3+ 43. Kg1 Qh4 44. Qf7+ Kd6 45. Rf6+ Kc5 46.
Qxc7+ Kb4 47. Qe7+ Kc3 48. Rf3+ gxf3 49. Qxh4 a5 50. e5 b5 51. cxb5 a4 52. Qc4+
Kd2 53. Kf2 axb3 54. axb3 Kd1 55. e6 Kd2 56. e7 Kd1 57. e8=Q Kd2 58. Qe3+ Kd1
59. Qcc1# 1-0

[Event "Rodovremesterskabet Gruppe C 2004"]
[Site "Rodovre"]
[Date "2004.08.31"]
[Round "1"]
[White "Thrane, Jens"]
[Black "Bahl, Carsten"]
[Result "1-0"]
[WhiteElo "1431"]
[BlackElo "1408"]
[PlyCount "85"]
[EventDate "2004.??.??"]


1. d4 Nf6 2. c4 e6 3. Nc3 Bb4 4. f3 c5 5. d5 d6 6. e4 e5 7. Nge2 Bd7 8. Rb1
Bxc3+ 9. Nxc3 a6 10. a3 O-O 11. Bd3 Nh5 12. O-O Qh4 13. Be3 Nf4 14. g3 Nh3+ 15.
Kh1 Qe7 16. Qc2 g5 17. Rbd1 Bc8 18. Ne2 Nd7 19. Ng1 Nxg1 20. Kxg1 Kh8 21. Rd2
Rg8 22. Rdf2 Nf6 23. Kg2 Nh5 24. b4 Bd7 25. h3 Rg7 26. Kh2 Rf8 27. Rh1 f6 28.
Rg2 Rgf7 29. Kg1 Kg8 30. Qd2 Ng7 31. g4 Ne8 32. bxc5 dxc5 33. h4 Rg7 34. Kf2 b6
35. Rgh2 h6 36. Rb1 f5 37. exf5 Rf6 38. hxg5 hxg5 39. Qb2 Qd6 40. Rbh1 Nc7 41.
Rh5 b5 42. Bxg5 Rff7 43. Rh8# 1-0

[Event "Rodovremesterskabet Gruppe C 2004"]
[Site "Rodovre"]
[Date "2004.08.31"]
[Round "1"]
[White "Walli, Aqil Raad"]
[Black "Helleshoj, Knud Erik"]
[Result "0-1"]
[WhiteElo "1493"]
[BlackElo "1490"]
[PlyCount "140"]
[EventDate "2004.??.??"]


1. e4 c5 2. Nf3 Nf6 3. Nc3 d6 4. d4 cxd4 5. Nxd4 Nc6 6. Bb5 Bd7 7. O-O a6 8.
Be2 e6 9. Be3 Be7 10. a4 O-O 11. f4 Rc8 12. Nb3 Na5 13. e5 Ne8 14. Bd3 Nc4 15.
Qh5 g6 16. Qe2 Nxb2 17. Bc1 Nxd3 18. Qxd3 dxe5 19. fxe5 Qc7 20. Bh6 Qxc3 21.
Qxd7 Bc5+ 22. Nxc5 Qxc5+ 23. Kh1 Ng7 24. Bxg7 Kxg7 25. Qxb7 Qxe5 26. Qxa6 Rxc2
27. Qd3 Rfc8 28. Qd7 Rf8 29. a5 Qe4 30. Rg1 Qd5 31. Qa4 Rfc8 32. a6 R8c4 33.
Qb3 Qa8 34. a7 Rc8 35. Ra3 R2c7 36. Qe3 Kg8 37. h3 e5 38. Rga1 Rc2 39. Rg1 Qc6
40. Qxe5 Rc1 41. a8=Q Rxg1+ 42. Kxg1 Rxa8 43. Rxa8+ Qxa8 44. Qf6 Qa7+ 45. Kh1
Qd7 46. Kh2 Qe6 47. Qd8+ Kg7 48. Qd4+ Qf6 49. Qxf6+ Kxf6 50. g4 Ke5 51. Kg3 g5
52. Kf3 h6 53. Ke3 f6 54. Kf3 Kd4 55. h4 Kd3 56. hxg5 hxg5 57. Kf2 Ke4 58. Kg3
Ke3 59. Kg2 Kf4 60. Kh3 Kf3 61. Kh2 Kxg4 62. Kg2 f5 63. Kf2 f4 64. Kg2 Kh4 65.
Kf3 Kh5 66. Kg2 g4 67. Kh2 g3+ 68. Kh3 Kg5 69. Kg2 Kg4 70. Kf1 f3 0-1

[Event "Rodovremesterskabet Gruppe C 2004"]
[Site "Rodovre"]
[Date "2004.09.23"]
[Round "1"]
[White "Vestergaard, John"]
[Black "Wisal, Zoran"]
[Result "1/2-1/2"]
[WhiteElo "1430"]
[BlackElo "1427"]
[PlyCount "90"]
[EventDate "2004.??.??"]


1. d4 Nf6 2. c4 b6 3. Bg5 Bb7 4. e3 e6 5. a3 Be7 6. Nc3 a6 7. Bd3 h6 8. Bxf6
Bxf6 9. Nf3 O-O 10. O-O d6 11. Bc2 g6 12. Qd3 Nd7 13. Ne2 Re8 14. Rad1 Qe7 15.
b4 Nf8 16. Ba4 Red8 17. Qb1 b5 18. Bb3 c5 19. dxc5 dxc5 20. Rxd8 Rxd8 21. cxb5
axb5 22. Bc2 cxb4 23. Qxb4 Qxb4 24. axb4 Bxf3 25. gxf3 Rd2 26. Bd1 Rb2 27. Nf4
Rxb4 28. Be2 Rb2 29. Rc1 b4 30. Kf1 Ra2 31. Bc4 Ra1 32. Rxa1 Bxa1 33. Nd3 Bc3
34. Ke2 Nd7 35. Kd1 Kg7 36. Kc2 Nb6 37. Kb3 Nxc4 38. Kxc4 Kf6 39. Nxb4 Bxb4 40.
Kxb4 Kg5 41. Kc5 f5 42. Kd6 Kf6 43. f4 g5 44. fxg5+ hxg5 45. h3 -- 1/2-1/2

[Event "Rodovremesterskabet Gruppe C 2004"]
[Site "Rodovre"]
[Date "2004.09.07"]
[Round "2"]
[White "Walli, Aqil Raad"]
[Black "Thrane, Jens"]
[Result "0-1"]
[WhiteElo "1493"]
[BlackElo "1431"]
[PlyCount "70"]
[EventDate "2004.??.??"]


1. e4 c5 2. Nf3 d6 3. d4 cxd4 4. Nxd4 Nc6 5. Bb5 Bd7 6. O-O a6 7. Be2 Nf6 8.
Nc3 g6 9. a3 Bg7 10. Be3 O-O 11. Qd2 Ng4 12. Bxg4 Bxg4 13. f3 Bd7 14. Rab1 Ne5
15. b3 Rc8 16. h3 Re8 17. f4 Nc6 18. b4 b5 19. Nde2 Be6 20. Nd5 Nb8 21. Nb6 Rc6
22. f5 Bc4 23. Nxc4 Rxc4 24. fxg6 hxg6 25. Bh6 Bh8 26. Rxf7 Kxf7 27. Rf1+ Ke6
28. Nf4+ Kd7 29. Nxg6 Qb6+ 30. Be3 Bd4 31. Rf3 Nc6 32. Nf8+ Rxf8 33. Bxd4 Rxd4
34. Qh6 Rd1+ 35. Kh2 Rxf3 0-1

[Event "Rodovremesterskabet Gruppe C 2004"]
[Site "Rodovre"]
[Date "2004.09.07"]
[Round "2"]
[White "Gemzoe, Bjorn"]
[Black "Vestergaard, John"]
[Result "1-0"]
[WhiteElo "1273"]
[BlackElo "1430"]
[PlyCount "59"]
[EventDate "2004.??.??"]


1. e4 g6 2. d4 d6 3. Nc3 c6 4. Nge2 d5 5. e5 e6 6. Ng3 Bb4 7. Bd2 Nd7 8. a3 Ba5
9. b4 Bb6 10. Be3 a6 11. Be2 a5 12. O-O Qe7 13. b5 c5 14. Na4 Ba7 15. Qd2 cxd4
16. Bg5 f6 17. exf6 Ngxf6 18. Qxa5 b6 19. Qd2 e5 20. Bg4 Bb8 21. Bxd7+ Bxd7 22.
Nxb6 Bxb5 23. Rfb1 Bc6 24. Nxa8 O-O 25. Bh6 Re8 26. Nb6 Ne4 27. Nxe4 dxe4 28.
Bg5 Qc5 29. Rb2 Ba7 30. Qb4 1-0

[Event "Rodovremesterskabet Gruppe C 2004"]
[Site "Rodovre"]
[Date "2004.09.07"]
[Round "2"]
[White "Helleshoj, Knud Erik"]
[Black "Wisal, Zoran"]
[Result "0-1"]
[WhiteElo "1490"]
[BlackElo "1427"]
[PlyCount "140"]
[EventDate "2004.??.??"]


1. e4 e5 2. Nf3 Qe7 3. Bc4 h6 4. Nc3 Nf6 5. O-O b6 6. d4 Nc6 7. Nb5 d6 8. d5
Na5 9. Bd3 Qd8 10. b4 Nb7 11. c4 Be7 12. h3 O-O 13. Be3 a6 14. Nc3 Bd7 15. a4
Qc8 16. Nh2 c5 17. dxc6 Qxc6 18. Nd5 Nxd5 19. cxd5 Qc7 20. Qe2 a5 21. Rfc1 Qd8
22. Bb5 axb4 23. Bxd7 Qxd7 24. Bxb6 Bd8 25. Bxd8 Rfxd8 26. Qb5 Qxb5 27. axb5
Rxa1 28. Rxa1 Nc5 29. Nf1 Rb8 30. Ra5 Nxe4 31. f3 Nc3 32. Ne3 Rxb5 33. Ra8+ Kh7
34. Nc4 b3 35. Nb2 Rxd5 36. Rb8 Rb5 37. Rd8 d5 38. Kf2 d4 39. Ke1 Ra5 40. Rb8
Ra1+ 41. Kf2 Nd1+ 42. Nxd1 Rxd1 43. Rxb3 Rc1 44. Rd3 Rc2+ 45. Kf1 h5 46. f4 f6
47. fxe5 fxe5 48. g4 hxg4 49. hxg4 Kg6 50. Ra3 Rc3 51. Ra5 Re3 52. Kf2 Kg5 53.
Ra7 Kxg4 54. Rxg7+ Kf4 55. Rf7+ Ke4 56. Ra7 Rc3 57. Ra4 Rc2+ 58. Ke1 Ke3 59.
Kd1 d3 60. Rh4 e4 61. Rh3+ Kd4 62. Rh8 Rc5 63. Rh4 Re5 64. Kd2 Kc4 65. Rg4 Kd5
66. Ke3 Rh5 67. Rg3 Ke5 68. Rg8 Rh3+ 69. Kd2 Rh2+ 70. Ke3 Re2# 0-1

[Event "Rodovremesterskabet Gruppe C 2004"]
[Site "Rodovre"]
[Date "2004.10.12"]
[Round "2"]
[White "Bahl, Carsten"]
[Black "Nielsen, Borge2"]
[Result "1-0"]
[WhiteElo "1408"]
[BlackElo "1393"]
[PlyCount "87"]
[EventDate "2004.??.??"]


1. d4 d5 2. c4 Nf6 3. Nc3 e6 4. cxd5 exd5 5. Bg5 Be7 6. e3 O-O 7. Bd3 Re8 8.
Nge2 Bg4 9. h3 Be6 10. Qc2 g6 11. O-O c6 12. a3 Nh5 13. Bxe7 Qxe7 14. Rae1 Qg5
15. Kh2 Nd7 16. Qd2 a6 17. Rc1 Ndf6 18. Bb1 Qh4 19. f3 Re7 20. Qe1 Qg5 21. f4
Qh6 22. Qh4 Qg7 23. g4 Nxg4+ 24. hxg4 Nf6 25. Rg1 Rae8 26. g5 Nh5 27. Nd1 Bd7
28. Rc3 Qf8 29. Ng3 Ng7 30. Kg2 Kh8 31. Rh1 Qg8 32. Kf3 Bc8 33. Rc2 Nf5 34.
Nxf5 Bxf5 35. Rch2 f6 36. Bxf5 gxf5 37. gxf6 Rf7 38. Qg5 Qf8 39. Qxf5 Qg8 40.
Rg2 Qf8 41. Rg6 Re4 42. Rgh6 Qg8 43. Nf2 Re8 44. Ng4 1-0

[Event "Rodovremesterskabet Gruppe C 2004"]
[Site "Rodovre"]
[Date "2004.09.14"]
[Round "3"]
[White "Thrane, Jens"]
[Black "Helleshoj, Knud Erik"]
[Result "0-1"]
[WhiteElo "1431"]
[BlackElo "1490"]
[PlyCount "120"]
[EventDate "2004.??.??"]


1. d4 d5 2. c4 c6 3. Nc3 Nf6 4. f3 e6 5. e4 dxe4 6. fxe4 Bb4 7. Qd3 O-O 8. Nf3
h6 9. a3 Be7 10. h3 Nh5 11. Kf2 Bh4+ 12. Nxh4 Qxh4+ 13. g3 Qf6+ 14. Qf3 Qxf3+
15. Kxf3 Nf6 16. Be3 Nbd7 17. e5 Ne8 18. Kg2 c5 19. Ne4 cxd4 20. Bxd4 b6 21. b4
Bb7 22. Bd3 Rd8 23. Kf2 Nxe5 24. Bxe5 Rxd3 25. Rhe1 f6 26. Bb8 f5 27. Nd2 Rxd2+
28. Ke3 Rd7 29. Bxa7 Ba6 30. Bxb6 Bxc4 31. a4 Nf6 32. Kf3 Rd3+ 33. Re3 Rxe3+
34. Kxe3 Nd5+ 35. Kd4 Nxb6 36. a5 Bd5 37. b5 Ra8 38. a6 Kf7 39. Kc5 Nd7+ 40.
Kd6 Bc4 41. a7 Bxb5 42. Kc7 Bc4 43. Kxd7 Bd5 44. Kd6 Kf6 45. Ra5 g5 46. Kc7 h5
47. Kb6 g4 48. h4 f4 49. gxf4 g3 50. Ra3 g2 51. Rg3 Kf5 52. Rg5+ Kxf4 53. Ka6
Kf3 54. Rxh5 g1=Q 55. Rxd5 Rxa7+ 56. Kb5 exd5 57. h5 Qc1 58. h6 Rb7+ 59. Ka6
Rb2 60. h7 Qa1# 0-1

[Event "Rodovremesterskabet Gruppe C 2004"]
[Site "Rodovre"]
[Date "2004.09.14"]
[Round "3"]
[White "Vestergaard, John"]
[Black "Bahl, Carsten"]
[Result "0-1"]
[WhiteElo "1430"]
[BlackElo "1408"]
[PlyCount "62"]
[EventDate "2004.??.??"]


1. d4 Nf6 2. c4 e6 3. a3 b6 4. Bg5 Be7 5. Nc3 Bb7 6. f3 h6 7. Bh4 O-O 8. e4 c5
9. d5 d6 10. Bd3 Nh5 11. Nge2 Bxh4+ 12. g3 Be7 13. O-O exd5 14. exd5 Nd7 15. f4
Nhf6 16. h3 Re8 17. Kh2 Bf8 18. Rf3 Re7 19. g4 g5 20. fxg5 hxg5 21. Rf5 Bh6 22.
Qf1 Re5 23. Ng3 Qe7 24. Rxe5 Qxe5 25. Re1 Qf4 26. Qxf4 gxf4 27. Nf5 Bf8 28. g5
Nh5 29. Ne7+ Bxe7 30. Rxe7 Rd8 31. Bg6 fxg6 0-1

[Event "Rodovremesterskabet Gruppe C 2004"]
[Site "Rodovre"]
[Date "2004.09.14"]
[Round "3"]
[White "Wisal, Zoran"]
[Black "Gemzoe, Bjorn"]
[Result "1-0"]
[WhiteElo "1427"]
[BlackElo "1273"]
[PlyCount "85"]
[EventDate "2004.??.??"]


1. e4 b6 2. Be2 e6 3. Bf3 Ba6 4. Ne2 Nc6 5. d4 Rb8 6. O-O Nge7 7. Nbc3 Ng6 8.
g3 Bb4 9. d5 Nce5 10. Bg2 Bxc3 11. bxc3 O-O 12. Re1 Bxe2 13. Rxe2 d6 14. Qd4 c5
15. Qd1 Nc4 16. f4 e5 17. f5 Nh8 18. a4 Na5 19. Bf1 c4 20. Rf2 f6 21. Qg4 Qe8
22. Ba3 Nb7 23. Bc1 Rf7 24. h4 Kf8 25. Bxc4 Ke7 26. Bd2 Qd7 27. Qe2 Rg8 28. Qe3
g6 29. Kh2 gxf5 30. Rxf5 Rfg7 31. Qh6 Rf7 32. Bb5 Qc8 33. Raf1 Rg6 34. Qh5 Qg8
35. Qf3 Qg7 36. h5 Rg4 37. Be2 Rg5 38. Bxg5 fxg5 39. Rxf7+ Nxf7 40. Qf5 Nfd8
41. Bb5 Nc5 42. Qc8 Nf7 43. Qc7+ 1-0

[Event "Rodovremesterskabet Gruppe C 2004"]
[Site "Rodovre"]
[Date "2004.09.14"]
[Round "3"]
[White "Nielsen, Borge2"]
[Black "Walli, Aqil Raad"]
[Result "0-1"]
[WhiteElo "1393"]
[BlackElo "1493"]
[PlyCount "78"]
[EventDate "2004.??.??"]


1. e4 c5 2. Nc3 Nc6 3. Nf3 d6 4. d3 g6 5. Be2 Bg7 6. Nd5 e6 7. Ne3 b5 8. c3
Nge7 9. Bd2 a5 10. Qc2 Ba6 11. O-O O-O 12. Ng4 a4 13. a3 f5 14. exf5 exf5 15.
Ne3 f4 16. Nd1 d5 17. Qc1 Qd6 18. g3 fxg3 19. fxg3 d4 20. Nf2 Ne5 21. Ne4 Qc6
22. Bh6 Nxf3+ 23. Bxf3 Bxh6 24. Qxh6 Nf5 25. Qh3 Ra7 26. Ng5 Qd7 27. Bg4 dxc3
28. bxc3 Qxd3 29. Rf3 Qd2 30. Bxf5 Qxg5 31. Be6+ Kg7 32. Rxf8 Kxf8 33. Rf1+ Kg7
34. Re1 Qd2 35. Qf1 Qxc3 36. Rd1 Qe3+ 37. Kh1 Qxe6 38. Rd8 Bb7+ 39. Kg1 Qe3+
0-1

[Event "Rodovremesterskabet Gruppe C 2004"]
[Site "Rodovre"]
[Date "2004.09.21"]
[Round "4"]
[White "Helleshoj, Knud Erik"]
[Black "Gemzoe, Bjorn"]
[Result "1-0"]
[WhiteElo "1490"]
[BlackElo "1273"]
[PlyCount "78"]
[EventDate "2004.??.??"]


1. e4 e6 2. d4 a6 3. Nf3 b5 4. a3 c5 5. c3 Bb7 6. Nbd2 Qc7 7. Bd3 c4 8. Bb1 Bd6
9. O-O Bf4 10. Re1 Bxd2 11. Bxd2 Ne7 12. a4 O-O 13. axb5 axb5 14. Rxa8 Bxa8 15.
b3 Rc8 16. bxc4 bxc4 17. Qc2 Ng6 18. h4 h6 19. h5 Nf4 20. Bxf4 Qxf4 21. e5 Qf5
22. Qa2 Be4 23. Bxe4 Qxh5 24. Qa7 Qg4 25. Qb7 Rf8 26. Bc2 Qf4 27. Rb1 f5 28.
exf6 gxf6 29. Ba4 d5 30. Bc2 f5 31. Ne5 Qg5 32. Re1 Qd2 33. Qb1 Qxc3 34. Ng6
Re8 35. Ba4 Kg7 36. Bxe8 h5 37. Rxe6 Qxd4 38. Qb7+ Kh6 39. Nh4+ Qf6 1-0

[Event "Rodovremesterskabet Gruppe C 2004"]
[Site "Rodovre"]
[Date "2004.09.21"]
[Round "4"]
[White "Bahl, Carsten"]
[Black "Wisal, Zoran"]
[Result "1/2-1/2"]
[WhiteElo "1408"]
[BlackElo "1427"]
[PlyCount "53"]
[EventDate "2004.??.??"]


1. d4 d5 2. c4 Nf6 3. Nf3 Nc6 4. Bf4 dxc4 5. e3 Nd5 6. Bxc4 Nxf4 7. exf4 e6 8.
O-O Bd6 9. g3 O-O 10. Nc3 b6 11. Rc1 Na5 12. Bd3 Bb7 13. Ne4 Be7 14. a3 Bd5 15.
Rc3 Nb7 16. Qe2 Nd6 17. Rfc1 c6 18. Nxd6 Qxd6 19. Ne5 Rac8 20. Qc2 g6 21. Nxc6
Rxc6 22. Rxc6 Bxc6 23. Qxc6 Qxd4 24. Qc3 Bc5 25. Rc2 a5 26. Qxd4 Bxd4 27. a4
1/2-1/2

[Event "Rodovremesterskabet Gruppe C 2004"]
[Site "Rodovre"]
[Date "2004.09.21"]
[Round "4"]
[White "Walli, Aqil Raad"]
[Black "Vestergaard, John"]
[Result "1-0"]
[WhiteElo "1493"]
[BlackElo "1430"]
[PlyCount "65"]
[EventDate "2004.??.??"]


1. e4 g6 2. d4 c6 3. Nc3 d5 4. exd5 cxd5 5. Nf3 a6 6. g3 Bg4 7. Bg2 Nc6 8. O-O
Bg7 9. Be3 e6 10. h3 Bxf3 11. Bxf3 Qb6 12. Na4 Qc7 13. c3 Nge7 14. Re1 Rd8 15.
Bf4 e5 16. dxe5 Nxe5 17. Bxe5 Bxe5 18. Qe2 Bf6 19. Rad1 O-O 20. Qd3 b5 21. h4
bxa4 22. h5 Qc4 23. Qd2 Qxa2 24. Qf4 Nf5 25. g4 Nh4 26. Qxf6 Nxf3+ 27. Qxf3
Qxb2 28. Qf6 gxh5 29. gxh5 Qc2 30. Rd4 Rfe8 31. Rg4+ Qg6 32. Rxe8+ Rxe8 33.
hxg6 1-0

[Event "Rodovremesterskabet Gruppe C 2004"]
[Site "Rodovre"]
[Date "2004.09.21"]
[Round "4"]
[White "Thrane, Jens"]
[Black "Nielsen, Borge2"]
[Result "0-1"]
[WhiteElo "1431"]
[BlackElo "1393"]
[PlyCount "116"]
[EventDate "2004.??.??"]


1. d4 d5 2. c4 e6 3. Nc3 Nf6 4. f3 Be7 5. a3 c5 6. dxc5 Bxc5 7. b4 Be7 8. e3 b6
9. Bb2 O-O 10. Qc2 Bb7 11. Rd1 Qc7 12. Rd4 Qe5 13. Rh4 Qxe3+ 14. Nge2 Ne4 15.
Nxe4 Bxh4+ 16. N4g3 Qg5 17. Bc1 Qe7 18. Be3 Nd7 19. Nf4 dxc4 20. Qxc4 Rac8 21.
Qb3 Qf6 22. Nfe2 Qa1+ 23. Kf2 Bf6 24. Ne4 Bxe4 25. fxe4 Qb2 26. Qa4 Rc7 27. Kg3
Qc2 28. Qxc2 Rxc2 29. Nd4 Rc3 30. Kf2 Bxd4 31. Bxd4 Rxa3 32. Bb5 Rd8 33. Rc1
Nf6 34. e5 Ng4+ 35. Kg1 h6 36. h3 Rxd4 37. hxg4 Rxb4 38. Bc6 Rxg4 39. Bf3 Rxf3
40. Ra1 Re3 41. Rxa7 Rxe5 42. Kf2 b5 43. Kf3 Rge4 44. Rb7 b4 45. Kf2 Re2+ 46.
Kg1 R5e4 47. Kf1 R2e3 48. Kf2 b3 49. Kg1 g5 50. Kh2 g4 51. Rb5 Kg7 52. Rh5 b2
53. Rb5 Re2 54. Kg3 f5 55. Kh4 Rxg2 56. Rb6 Re1 57. Rb7+ Kg6 58. Rb6 Rh1# 0-1

[Event "Rodovremesterskabet Gruppe C 2004"]
[Site "Rodovre"]
[Date "2004.09.28"]
[Round "5"]
[White "Gemzoe, Bjorn"]
[Black "Bahl, Carsten"]
[Result "1/2-1/2"]
[WhiteElo "1273"]
[BlackElo "1408"]
[PlyCount "62"]
[EventDate "2004.??.??"]


1. e4 c5 2. d4 cxd4 3. Qxd4 Qc7 4. Nc3 a6 5. Bd3 Nf6 6. Nge2 e5 7. Qe3 h6 8. h3
Bc5 9. Qg3 g5 10. Qf3 Be7 11. O-O d6 12. Be3 b5 13. Nd5 Nxd5 14. exd5 Nd7 15.
c4 b4 16. Rac1 Nc5 17. Bb1 Bb7 18. Qh5 Bf6 19. Rfe1 Bg7 20. Ng3 Bc8 21. Bd4 O-O
22. Be3 f5 23. h4 gxh4 24. Qxh4 f4 25. Bxc5 fxg3 26. Be3 gxf2+ 27. Bxf2 Rf4 28.
Qh5 Bg4 29. Qg6 Qf7 30. Qxf7+ Rxf7 31. Be3 Rb8 1/2-1/2

[Event "Rodovremesterskabet Gruppe C 2004"]
[Site "Rodovre"]
[Date "2004.09.28"]
[Round "5"]
[White "Nielsen, Borge2"]
[Black "Helleshoj, Knud Erik"]
[Result "1-0"]
[WhiteElo "1393"]
[BlackElo "1490"]
[PlyCount "78"]
[EventDate "2004.??.??"]


1. e4 c5 2. Nf3 Nc6 3. Nc3 d6 4. Be2 g6 5. Nd5 Bg7 6. c3 Nf6 7. Nxf6+ Bxf6 8.
O-O O-O 9. d3 a6 10. Be3 b5 11. Qd2 Bb7 12. Bg5 Bg7 13. Bh6 f6 14. Rad1 Qc7 15.
Bxg7 Kxg7 16. d4 cxd4 17. cxd4 Rad8 18. d5 Ne5 19. Nd4 Bc8 20. Rc1 Qb7 21. Rxc8
Rxc8 22. Ne6+ Kh8 23. Nxf8 Rxf8 24. Qh6 Qb8 25. Rc1 Nf7 26. Qd2 Rc8 27. Bg4 Rc7
28. Rc3 Ng5 29. Qc2 Rxc3 30. bxc3 Qc7 31. Be2 Kg7 32. Bd3 Nf7 33. Kf1 Ne5 34.
Ke2 Qc5 35. h3 Kf7 36. Kf1 e6 37. dxe6+ Kxe6 38. f3 Nc4 39. Qf2 Qe3 1-0

[Event "Rodovremesterskabet Gruppe C 2004"]
[Site "Rodovre"]
[Date "2004.09.28"]
[Round "5"]
[White "Wisal, Zoran"]
[Black "Walli, Aqil Raad"]
[Result "1/2-1/2"]
[WhiteElo "1427"]
[BlackElo "1493"]
[PlyCount "107"]
[EventDate "2004.??.??"]


1. c4 e5 2. Nc3 Nf6 3. a3 d6 4. e4 Nc6 5. Nf3 Be7 6. d4 exd4 7. Nxd4 O-O 8. Be2
Nxd4 9. Qxd4 Be6 10. O-O Nd7 11. Nd5 Bxd5 12. Qxd5 Nc5 13. Be3 c6 14. Qf5 g6
15. Qh3 Ne6 16. Rad1 Qc7 17. Bh6 Rfd8 18. Qc3 Bg5 19. Bxg5 Nxg5 20. Qe3 Qe7 21.
Bd3 Ne6 22. Bb1 Nc7 23. b4 b6 24. Rfe1 Re8 25. Qd3 d5 26. Re3 dxc4 27. Qxc4
Rad8 28. Rde1 c5 29. bxc5 Qxc5 30. Rc3 Qxc4 31. Rxc4 Na6 32. f4 Nc5 33. Bc2 Rd2
34. e5 Nd3 35. Bxd3 Rxd3 36. a4 Red8 37. Kf2 R3d4 38. Rec1 Kf8 39. R1c2 Ke7 40.
g3 h5 41. Rxd4 Rxd4 42. Rc7+ Rd7 43. Rc2 Rb7 44. h3 a6 45. g4 hxg4 46. hxg4 b5
47. axb5 axb5 48. Ke3 b4 49. Rb2 b3 50. f5 gxf5 51. gxf5 Kd7 52. e6+ fxe6 53.
fxe6+ Kxe6 54. Kd3 1/2-1/2

[Event "Rodovremesterskabet Gruppe C 2004"]
[Site "Rodovre"]
[Date "2004.09.28"]
[Round "5"]
[White "Vestergaard, John"]
[Black "Thrane, Jens"]
[Result "0-1"]
[WhiteElo "1430"]
[BlackElo "1431"]
[PlyCount "128"]
[EventDate "2004.??.??"]


1. d4 Nf6 2. c4 c5 3. d5 b5 4. b3 bxc4 5. bxc4 g6 6. Bb2 Bg7 7. Nd2 Qa5 8. f3
d6 9. Qb3 Nbd7 10. Bc3 Qc7 11. e4 a5 12. a4 Rb8 13. Qc2 O-O 14. Nb3 Ra8 15. Qd2
Nb6 16. Bxa5 Bd7 17. Ra3 Rfb8 18. Bxb6 Rxb6 19. a5 Rb4 20. Qa2 Rab8 21. a6 Qa7
22. Bd3 Ne8 23. Ne2 Nc7 24. O-O R8b6 25. Rb1 Bc8 26. Na5 Rxb1+ 27. Bxb1 Rxa6
28. Nc6 Rxa3 29. Nxa7 Rxa2 30. Bxa2 Bd7 31. Bb1 Bb2 32. Bd3 g5 33. Nb5 Na6 34.
Ng3 Nb4 35. Bf1 Kg7 36. Kf2 Kg6 37. Ne2 Bxb5 38. cxb5 c4 39. Ke1 Kf6 40. Kd2
Ke5 41. b6 Na6 42. Kc2 Ba1 43. Nc3 Kd4 44. Na4 e6 45. dxe6 fxe6 46. b7 d5 47.
Nb6 Nb8 48. exd5 exd5 49. g3 Kc5 50. Na4+ Kc6 51. f4 gxf4 52. gxf4 Kxb7 53. Bg2
Kc6 54. Nc3 Bxc3 55. Kxc3 Kc5 56. Bh3 d4+ 57. Kc2 Nc6 58. f5 Kd6 59. Bg2 Ne5
60. Bf1 c3 61. Bh3 Ke7 62. Bf1 Kf6 63. Bd3 Nxd3 64. Kxd3 Kxf5 0-1

[Event "Rodovremesterskabet Gruppe C 2004"]
[Site "Rodovre"]
[Date "2004.10.05"]
[Round "6"]
[White "Walli, Aqil Raad"]
[Black "Gemzoe, Bjorn"]
[Result "1-0"]
[WhiteElo "1493"]
[BlackElo "1273"]
[PlyCount "83"]
[EventDate "2004.??.??"]


1. e4 e6 2. d4 a6 3. Nf3 c5 4. Nc3 b5 5. a3 c4 6. Be2 Ne7 7. d5 d6 8. O-O e5 9.
a4 bxa4 10. Bxc4 Qc7 11. Qe2 Nd7 12. Nxa4 Ng6 13. b4 Be7 14. Nb2 Nb8 15. b5 a5
16. Na4 O-O 17. Bb3 Bg4 18. c4 f5 19. c5 Nd7 20. b6 Qb8 21. exf5 Bxf5 22. Qb5
Kh8 23. c6 Nf6 24. b7 Bd8 25. bxa8=Q Qxb5 26. Qb7 Qxb7 27. cxb7 Bc7 28. Ng5 Rb8
29. Ne6 Rxb7 30. Bg5 Ne8 31. Rfc1 h6 32. Nxc7 Nxc7 33. Bd8 Na6 34. Bc2 Bxc2 35.
Rxc2 Nf4 36. Bxa5 Nxd5 37. Rc6 Nb8 38. Rxd6 Rb5 39. Nc3 Nxc3 40. Bxc3 Kh7 41.
Re1 e4 42. Rxe4 1-0

[Event "Rodovremesterskabet Gruppe C 2004"]
[Site "Rodovre"]
[Date "2004.10.05"]
[Round "6"]
[White "Nielsen, Borge2"]
[Black "Vestergaard, John"]
[Result "1/2-1/2"]
[WhiteElo "1393"]
[BlackElo "1430"]
[PlyCount "46"]
[EventDate "2004.??.??"]


1. e4 g6 2. Nf3 c6 3. Nc3 d5 4. d3 Bg4 5. d4 e6 6. a3 h5 7. Be2 Nd7 8. h3 Bxf3
9. Bxf3 Qb6 10. O-O O-O-O 11. h4 dxe4 12. Nxe4 Ne5 13. c3 f5 14. Nd2 Nxf3+ 15.
Nxf3 Bg7 16. Qe2 Re8 17. Bf4 Bh6 18. Qe5 Rh7 19. Qb8+ Kd7 20. Ne5+ Ke7 21.
Nxg6+ Kf7 22. Ne5+ Ke7 23. Ng6+ Kf7 1/2-1/2

[Event "Rodovremesterskabet Gruppe C 2004"]
[Site "Rodovre"]
[Date "2004.10.05"]
[Round "6"]
[White "Helleshoj, Knud Erik"]
[Black "Bahl, Carsten"]
[Result "1-0"]
[WhiteElo "1490"]
[BlackElo "1408"]
[PlyCount "89"]
[EventDate "2004.??.??"]


1. e4 c5 2. Nf3 Nc6 3. d4 cxd4 4. Nxd4 e5 5. Nb5 d6 6. Bd3 Nf6 7. O-O a6 8.
N5c3 b5 9. a3 Bb7 10. h3 Be7 11. Nd5 O-O 12. Be3 Nxd5 13. exd5 Na5 14. b3 f5
15. c4 bxc4 16. bxc4 Rc8 17. Qa4 Qc7 18. Rc1 f4 19. Bd2 Bd8 20. Qc2 g6 21. Bb4
f3 22. Bxa5 Qxa5 23. Bxg6 Rc7 24. Be4 fxg2 25. Nd2 Bh4 26. Nf3 Bf6 27. Qb3 Rfc8
28. Rab1 Qc5 29. Qb4 Qxb4 30. Rxb4 a5 31. Rb5 Ra8 32. c5 dxc5 33. Rcxc5 Rd7 34.
Rxa5 Rxa5 35. Rxa5 Rd6 36. Nd2 h6 37. Nc4 Rd8 38. Bxg2 Ba8 39. d6 Bxg2 40. Kxg2
Re8 41. Rc5 Kf7 42. a4 Ke6 43. a5 Kd7 44. a6 Rc8 45. Nb6+ 1-0

[Event "Rodovremesterskabet Gruppe C 2004"]
[Site "Rodovre"]
[Date "2004.10.05"]
[Round "6"]
[White "Thrane, Jens"]
[Black "Wisal, Zoran"]
[Result "1-0"]
[WhiteElo "1431"]
[BlackElo "1427"]
[PlyCount "115"]
[EventDate "2004.??.??"]


1. d4 e6 2. c4 Nf6 3. Nc3 b6 4. f3 Bb7 5. e4 h6 6. a3 Be7 7. Nge2 d6 8. Ng3
Nbd7 9. b4 c5 10. d5 Ne5 11. Qb3 Bc8 12. Ra2 O-O 13. f4 Ng6 14. Bd3 a6 15. O-O
Qc7 16. Re2 Bd7 17. Rfe1 Rfe8 18. e5 dxe5 19. fxe5 Nh7 20. d6 Bxd6 21. exd6
Qxd6 22. Be4 Ra7 23. Rd1 Qc7 24. Bxg6 fxg6 25. Nce4 cxb4 26. axb4 e5 27. Rf1 b5
28. Rc2 Be6 29. Nd2 Kh8 30. Nge4 Bxc4 31. Nxc4 bxc4 32. Qc3 Qb6+ 33. Be3 Qb7
34. Bxa7 Qxe4 35. Qxc4 Qb7 36. Bc5 Nf6 37. Re2 Kh7 38. Rfe1 e4 39. Bd4 Nd5 40.
Bf2 Nxb4 41. Rxe4 Rxe4 42. Qxe4 Qxe4 43. Rxe4 Nd5 44. Ra4 Ne7 45. Rxa6 Nf5 46.
Ra7 h5 47. Bc5 g5 48. Kf2 h4 49. h3 Kh6 50. Kf3 Kh5 51. Rd7 Kg6 52. Kg4 Nh6+
53. Kf3 Nf5 54. Bf8 Kh7 55. Kg4 Kg6 56. Be7 Nh6+ 57. Kf3 Nf5 58. Rc7 1-0

[Event "Rodovremesterskabet Gruppe C 2004"]
[Site "Rodovre"]
[Date "2004.09.19"]
[Round "7"]
[White "Gemzoe, Bjorn"]
[Black "Thrane, Jens"]
[Result "0-1"]
[WhiteElo "1273"]
[BlackElo "1431"]
[PlyCount "72"]
[EventDate "2004.??.??"]


1. e4 c5 2. d4 cxd4 3. Qxd4 Nc6 4. Qe3 d6 5. Nc3 g6 6. Bd2 Bg7 7. Bc4 a6 8. a3
b5 9. Ba2 e6 10. Rd1 Bb7 11. Nf3 Qc7 12. O-O Nge7 13. Qg5 Rd8 14. Qg3 O-O 15.
Qh3 Nd4 16. Bh6 Nxf3+ 17. gxf3 Rd7 18. Bxg7 Kxg7 19. Rd2 Rfd8 20. Ne2 d5 21.
Ng3 dxe4 22. Rxd7 Rxd7 23. fxe4 Qxc2 24. Qg4 Kh8 25. Bxe6 fxe6 26. Qxe6 Qc6 27.
Qf7 Ng8 28. Qe8 Re7 29. Qd8 Qf6 30. Rd1 Bxe4 31. Rd6 Qxb2 32. Rd4 Bf3 33. Rd2
Re1+ 34. Nf1 Rxf1+ 35. Kxf1 Qa1+ 36. Rd1 Qxd1+ 0-1